000 00390nam a2200145Ia 4500
008 230917s9999||||xx |||||||||||||| ||und||
040 _e169637
_aMAIN
041 _aEnglish
082 _a658.3 N213P:C
100 _aPandey, S N
245 0 _aChanging industrial relations scenario
260 _aCalcutta
_bNational Institute of Personnel Management
_c1987
300 _a23 p.
942 _cBK
999 _c92058
_d92058